000 01594nam a2200313 a 4500
999 _c388805
_d388805
003 BLK
005 20250701181851.0
008 200925b bu |||||r|||| 00| 0 bu d
020 _a9786191994823
020 _a3800083826446
040 _aBLK
041 _aBUL
_cBUL
080 _aИздания за деца и юноши. Книжки-картинки. Читанки. Вж и 372.4
_b087.5
_z087.5
100 _aДейнс, Кейти
_eпърви автор
_91299
139 _aДейнс, Кейти
_bД 34
245 _aЗащо трябва да мием зъбите си?
_bПърви въпроси и отговори
_cКейти Дейнс ; ил. Марта Алварес Мигенс ; прев. Албена Раленкова
260 _9209475
_aКитай
_bФют
_c2019
_n978-619-199- ; 978-954-625-
300 _c20 см
_a12 с.
_bс цв ил.
380 _aDN
501 _aКор. опис. Ориг. загл.: Why should I brush my teeth? / Katie Daynes Името на ил. Марта Алварес Мигенс погрешно отпеч. Марта Арварес Мигенс Кн. отпеч. на ламиниран картон
700 _9599
_aАлварес Мигенс, Марта
_eил.
700 _aРаленкова, Албена Василева
_d1968 -
_gПреводач от английски и френски език.
_9368050
852 _aЦб 303932
_bЦб
942 _cKNG
_n0
_s1
_098
944 _aCR
_c2020-10-06
_k30537
_lГрета Цуфелде
999 _d388805
999 _d388805
999 _d388805